000 00578nam a2200229Ia 4500
003 OSt
005 20221005115121.0
006 a|||||r|||| 00| 0
007 ta
008 221004b |||||||| |||| 00| 0 rus d
024 _a42160
037 _cTextual
040 _aCRL
_cCRL
_brus
041 _2rus
_arus
082 _aO121:1G65:1, 142C9
100 _aDante Alighieri
245 0 _aBoyanstvema Komediya
260 _c1899
650 _aENGLISH LITERATURE
942 _hO121:1G65:1, 142C9
_cTEXL
_2cc
999 _c1033463
_d1033463